BOH Ltd; Layhawk Consultants Ltd v Eastern Power Networks Plc (formerly EDF ENERGY NETWORKS (EPN Plc)) (Record no. 113075)

MARC details
000 -LEADER
fixed length control field 01619cad a22002295a 4500
001 - CONTROL NUMBER
control field L154625
008 - FIXED-LENGTH DATA ELEMENTS--GENERAL INFORMATION
fixed length control field 120106e20110126xxk f 000 0 eng d
035 ## - SYSTEM CONTROL NUMBER
System control number (Sirsi) u154625
041 0# - LANGUAGE CODE
Language code of text/sound track or separate title eng
245 00 - TITLE STATEMENT
Title BOH Ltd; Layhawk Consultants Ltd v Eastern Power Networks Plc (formerly EDF ENERGY NETWORKS (EPN Plc))
Medium [electronic resource]
260 ## - PUBLICATION, DISTRIBUTION, ETC.
-- 2011
520 ## - SUMMARY, ETC.
Summary, etc. [2009] EWHC 3193 (Ch), 26 January 2011. Considers whether a freehold owner of property benefitted from cable rights (derived only from a lease of the property previously granted to the owner) across adjoining property (owned by third parties) to the public highway. The court initially decided that Respondent E had rights of access over Appellant B's plots and a right to maintain in position underground cables in B's plots. B and the third party appealed. "Held": appeal dismissed. CA found in favour of E. B contended unsuccessfully that E's forerunner EDF could not exercise the cable right which ended when E's predecessor EDF owned both the lease containing the right and the freehold. CA found a merger was not intended so the cable right remained.
590 ## - LOCAL NOTE (RLIN)
Local note KA
650 24 - SUBJECT ADDED ENTRY--TOPICAL TERM
Topical term or geographic name entry element BOH LTD AND ANOTHER V EASTERN POWER NETWORKS PLC (FORMERLY EDF ENERGY NETWORKS (EPN PLC))
650 24 - SUBJECT ADDED ENTRY--TOPICAL TERM
Topical term or geographic name entry element LANDLORD AND TENANT ACT 1954 PART II S24
650 24 - SUBJECT ADDED ENTRY--TOPICAL TERM
Topical term or geographic name entry element CAPITAL AND COUNTIES BANK LTD V RHODES
650 24 - SUBJECT ADDED ENTRY--TOPICAL TERM
Topical term or geographic name entry element INGLE V VAUGHAN JENKINS
651 #4 - SUBJECT ADDED ENTRY--GEOGRAPHIC NAME
Geographic name England and Wales
Chronological subdivision 1543-
690 ## - LOCAL SUBJECT ADDED ENTRY--TOPICAL TERM (OCLC, RLIN)
Topical term or geographic name as entry element Boundary disputes
9 (RLIN) 6221
856 40 - ELECTRONIC LOCATION AND ACCESS
Uniform Resource Identifier <a href="https://www.bailii.org/ew/cases/EWCA/Civ/2011/19.html">https://www.bailii.org/ew/cases/EWCA/Civ/2011/19.html</a>
Public note View this law report free of charge at www.bailii.org
942 ## - ADDED ENTRY ELEMENTS (KOHA)
Suppress in OPAC 0
Holdings
Withdrawn status Lost status Source of classification or shelving scheme Damaged status Not for loan Home library Current library Shelving location Date acquired Total Checkouts Full call number Barcode Date last seen Copy number Price effective from Koha item type
    Dewey Decimal Classification     Virtual Virtual Online 06/01/2012   ONLINE PUBLICATION 154625-2001 06/08/2019 1 06/08/2019 Law report